|
|
|
|
| LEADER |
02553nam a22004815i 4500 |
| 001 |
978-88-7642-601-8 |
| 003 |
DE-He213 |
| 005 |
20170314060016.0 |
| 007 |
cr nn 008mamaa |
| 008 |
170314s2017 it | s |||| 0|eng d |
| 020 |
|
|
|a 9788876426018
|9 978-88-7642-601-8
|
| 024 |
7 |
|
|a 10.1007/978-88-7642-601-8
|2 doi
|
| 040 |
|
|
|d GrThAP
|
| 050 |
|
4 |
|a QA370-380
|
| 072 |
|
7 |
|a PBKJ
|2 bicssc
|
| 072 |
|
7 |
|a MAT007000
|2 bisacsh
|
| 082 |
0 |
4 |
|a 515.353
|2 23
|
| 100 |
1 |
|
|a Dipierro, Serena.
|e author.
|
| 245 |
1 |
0 |
|a Fractional Elliptic Problems with Critical Growth in the Whole of ℝn
|h [electronic resource] /
|c by Serena Dipierro, María Medina, Enrico Valdinoci.
|
| 264 |
|
1 |
|a Pisa :
|b Scuola Normale Superiore :
|b Imprint: Edizioni della Normale,
|c 2017.
|
| 300 |
|
|
|a VIII, 158 p.
|b online resource.
|
| 336 |
|
|
|a text
|b txt
|2 rdacontent
|
| 337 |
|
|
|a computer
|b c
|2 rdamedia
|
| 338 |
|
|
|a online resource
|b cr
|2 rdacarrier
|
| 347 |
|
|
|a text file
|b PDF
|2 rda
|
| 490 |
1 |
|
|a Publications of the Scuola Normale Superiore ;
|v 15
|
| 505 |
0 |
|
|a Introduction -- The problem studied in this monograph -- Functional analytical setting -- Existence of a minimal solution and proof of Theorem 2.2.2 -- Regularity and positivity of the solution -- Existence of a second solution and proof of Theorem 2.2.4.
|
| 520 |
|
|
|a These lecture notes are devoted to the analysis of a nonlocal equation in the whole of Euclidean space. In studying this equation, all the necessary material is introduced in the most self-contained way possible, giving precise references to the literature when necessary. The results presented are original, but no particular prerequisite or knowledge of the previous literature is needed to read this text. The work is accessible to a wide audience and can also serve as introductory research material on the topic of nonlocal nonlinear equations.
|
| 650 |
|
0 |
|a Mathematics.
|
| 650 |
|
0 |
|a Partial differential equations.
|
| 650 |
|
0 |
|a Calculus of variations.
|
| 650 |
1 |
4 |
|a Mathematics.
|
| 650 |
2 |
4 |
|a Partial Differential Equations.
|
| 650 |
2 |
4 |
|a Calculus of Variations and Optimal Control; Optimization.
|
| 700 |
1 |
|
|a Medina, María.
|e author.
|
| 700 |
1 |
|
|a Valdinoci, Enrico.
|e author.
|
| 710 |
2 |
|
|a SpringerLink (Online service)
|
| 773 |
0 |
|
|t Springer eBooks
|
| 776 |
0 |
8 |
|i Printed edition:
|z 9788876426001
|
| 830 |
|
0 |
|a Publications of the Scuola Normale Superiore ;
|v 15
|
| 856 |
4 |
0 |
|u http://dx.doi.org/10.1007/978-88-7642-601-8
|z Full Text via HEAL-Link
|
| 912 |
|
|
|a ZDB-2-SMA
|
| 950 |
|
|
|a Mathematics and Statistics (Springer-11649)
|